Sociodemografické charakteristiky pracovných síl v poľnohospodárstve
Zmapovanie sociodemografickej štruktúry pracovníkov v poľnohospodárstve podľa jednotlivých právnych foriem v regionálnom členení. Štruktúra pracovníkov podľa pohlavia, veková štruktúra, vzdelanostná štruktúra. Vzdelanostná štruktúra pracovníkov v poľnohospodárstve spolu a žien podľa právnych foriem.
Gespeichert in:
| 1. Verfasser: | |
|---|---|
| Format: | Buchkapitel |
| Sprache: | Slowakisch |
| Schlagworte: | |
| Tags: |
Keine Tags, Fügen Sie das erste Tag hinzu!
|
MARC
| LEADER | 00000naa a2200000 4500 | ||
|---|---|---|---|
| 001 | r021020 | ||
| 005 | 20230424120214.7 | ||
| 041 | 0 | |a slo | |
| 044 | |a SK | ||
| 245 | 1 | 0 | |a Sociodemografické charakteristiky pracovných síl v poľnohospodárstve |c Stanislav Buchta |
| 520 | |a Zmapovanie sociodemografickej štruktúry pracovníkov v poľnohospodárstve podľa jednotlivých právnych foriem v regionálnom členení. Štruktúra pracovníkov podľa pohlavia, veková štruktúra, vzdelanostná štruktúra. Vzdelanostná štruktúra pracovníkov v poľnohospodárstve spolu a žien podľa právnych foriem. | ||
| 610 | 2 | 0 | |a poľnohospodárstvo |
| 610 | 2 | 0 | |a sily pracovné |
| 610 | 2 | 0 | |a štruktúra síl pracovných |
| 610 | 2 | 0 | |a ženy |
| 610 | 2 | 0 | |a muži |
| 610 | 2 | 0 | |a vek |
| 610 | 2 | 0 | |a vzdelanie |
| 610 | 2 | 0 | |a regióny |
| 100 | 1 | |a Buchta, Stanislav | |